Principios de administración de operaciones (Registro nro. 3803)

Detalles MARC
000 -LEADER
fixed length control field 01453 a2200253 4500
001 - CONTROL NUMBER
control field 44689
005 - DATE AND TIME OF LATEST TRANSACTION
control field 20260407155722.0
008 - FIXED-LENGTH DATA ELEMENTS--GENERAL INFORMATION
fixed length control field 260407a2014 arg spa d
003 - CONTROL NUMBER IDENTIFIER
control field AR-UNSa-BCEJYS
040 ## - CATALOGING SOURCE
Original cataloging agency AR-UNSa-BCEJYS
Language of cataloging spa
Transcribing agency AR-UNSa-BCEJYS
080 ## - UNIVERSAL DECIMAL CLASSIFICATION NUMBER
Universal Decimal Classification number 658.5
Common auxiliary subdivision Planificación y control de la producción<br/>
020 ## - INTERNATIONAL STANDARD BOOK NUMBER
International Standard Book Number 978-607-32-2336-2
041 ## - LANGUAGE CODE
Language code of text/sound track or separate title spa
100 1# - MAIN ENTRY--PERSONAL NAME
Personal name Heizer, Jay
245 10 - TITLE STATEMENT
Title Principios de administración de operaciones
250 ## - EDITION STATEMENT
Edition statement 9a. ed.
264 #1 - PRODUCTION, PUBLICATION, DISTRIBUTION, MANUFACTURE, AND COPYRIGHT NOTICE
Place of production, publication, distribution, manufacture México :
Name of producer, publisher, distributor, manufacturer Pearson Educación
Date of production, publication, distribution, manufacture, or copyright notice 2014
300 ## - PHYSICAL DESCRIPTION
Extent xxviii, 664 p.
Dimensions 27 cm.
505 ## - FORMATTED CONTENTS NOTE
Formatted contents note 1. Operaciones y productividad - 2. Estrategia de operaciones en un entorno global - 3. Administración de proyectos - 4. Pronósticos - 5. Diseño de bienes y servicios - 6. Administración de la calidad - 7. Estrategia del proyecto - 8. Estrategias de localización - 9. Estrategias de distribución de instalaciones - 10. Recursos humanos, diseño y medición del trabajo - 11. Administración de la cadena de suministro - 12. Administarción de inventarios - 13. Planeación agregada y PVyO - 14. Planeación de los requerimientos de materiales (MRP) y ERP - 15. Programación a corto plazo - 16. JIT, TPS y operaciones esbeltas - 17. Mantenimiento y confiabilidad -
590 ## - LOCAL NOTE (RLIN)
Local note niveau_biblio:m niveau_hierar:0
700 1# - ADDED ENTRY--PERSONAL NAME
Personal name Render, Barry
856 41 - ELECTRONIC LOCATION AND ACCESS
Uniform Resource Identifier <a href="https://www.biblioeco.unsa.edu.ar/pmb/images/libros/L126887.jpg">https://www.biblioeco.unsa.edu.ar/pmb/images/libros/L126887.jpg</a>
Link text Imagen de portada
Electronic format type image/jpeg
942 ## - ADDED ENTRY ELEMENTS (KOHA)
Koha item type
Existencias
Withdrawn status Lost status Damaged status Not for loan Home library Current library Shelving location Date acquired Total checkouts Full call number Barcode Date last seen Price effective from Koha item type
        Biblioteca Prof. Eusebio Cleto del Rey Biblioteca Prof. Eusebio Cleto del Rey   07/04/2026   658.5 R397 9ed. L126887 07/04/2026 07/04/2026 Libro
        Biblioteca Prof. Eusebio Cleto del Rey Biblioteca Prof. Eusebio Cleto del Rey   07/04/2026   658.5 R397 9ed. L126888 07/04/2026 07/04/2026 Libro